| 000 | 00916nam a2200229 i 4500 | ||
|---|---|---|---|
| 001 | 109512 | ||
| 003 | ES-MaACL | ||
| 005 | 20260407134807.0 | ||
| 007 | t| | ||
| 008 | 061121s1918 sp r ||||1| spa d | ||
| 100 | 1 |
_aMitjana, Rafael. _981697 |
|
| 245 | 1 | 0 |
_aMozart y la psicología sentimental : _bconferencia leída en el Ateneo de Madrid el día 24 de marzo de 1918 / _cRafael Mitjana. |
| 260 |
_a[Madrid : _bs.n.], _c1918 ( _fImp. de los Sucesores de Hernando) |
||
| 300 |
_a36 p. ; _c21 cm. |
||
| 530 | _aDisponible en formato digital. | ||
| 600 | 1 | 7 |
_aMozart, Wolfgang Amadeus, _d1756-1791 _2embne _9240565 |
| 610 | 2 | 4 |
_aAteneo de Madrid- _vConferencias- _y1900-1939 _91907 |
| 852 | 4 |
_aES-MaACL _j1572-F-18 _9113662 _cDEPOF _zRevisado enlace: 28 de Marzo de 2025. |
|
| 856 | 4 |
_uhttp://bdh-rd.bne.es/viewer.vm?id=0000090919&page=1 _yBiblioteca Digital Hispánica |
|
| 942 | _2udc | ||
| 999 |
_c109512 _d109512 |
||